000 00278nam a22001337a 4500
008 170525b xxu||||| |||| 00| 0 eng d
020 _a0648507012
041 _aeng
080 _a004.4
100 _a26
101 _aIM
245 _aROBOT SENSORS
_cPUGH.A
942 _2udc
_cBK
999 _c14267
_d14267